Loading...
Science - Biology | 1 | 4 | 2 | 2 | 45 | 61 | 108.00 | 2 | 2 |
Science - Other Science | 0 | 3 | 1 | 1 | 25 | 74 | 100.67 | 1 | 1 |
Literature - European Literature | 0 | 2 | 0 | 0 | 20 | 111 | 117.50 | 1 | 1 |
Beliefs | 1 | 0 | 0 | 0 | 15 | 73 | 73.00 | 0 | 1 |
Fine Arts - Other Fine Arts | 1 | 0 | 0 | 0 | 15 | 47 | 47.00 | 0 | 1 |
Science - Physics | 0 | 2 | 1 | 0 | 15 | 83 | 97.00 | 1 | 1 |
History - US History | 0 | 1 | 0 | 1 | 10 | 149 | 149.00 | 0 | 0 |
Literature - British Literature | 0 | 1 | 0 | 0 | 10 | 154 | 154.00 | 0 | 0 |
Philosophy | 0 | 1 | 0 | 0 | 10 | 101 | 101.00 | 0 | 1 |
Science - Astronomy | 1 | 0 | 1 | 0 | 10 | 78 | 78.00 | 0 | 1 |
Geography | 0 | 1 | 0 | 0 | 10 | 106 | 106.00 | 0 | 1 |
Science - Chemistry | 1 | 1 | 3 | 0 | 10 | 69 | 99.50 | 0 | 0 |
Literature - World Literature | 0 | 1 | 1 | 0 | 5 | 126 | 126.00 | 0 | 0 |
Social Science | 0 | 0 | 1 | 0 | -5 | 0.00 | 0 | 0 | |
History - European History | 0 | 0 | 1 | 0 | -5 | 0.00 | 0 | 0 | |
Fine Arts - Visual Fine Arts | 0 | 0 | 1 | 0 | -5 | 0.00 | 0 | 0 | |
Literature - American Literature | 0 | 0 | 4 | 0 | -20 | 0.00 | 0 | 0 |